The Sun Game Quiz Stats

Quiz not verified by Sporcle

Also try: Circular Logos
Challenge
Share
Tweet
Embed
Score 0/32 Timer 07:00
0 Plays Today
Hint Term % Correct
Device which measures time according to the sun's positionsundial
86.3%
Brand of orange soda launched in 1979, produced by the Dr. Pepper Snapple GroupSunkist
73.8%
Geographic region encompassing the southern United StatesSun Belt
68.8%
Professional basketball team based in Arizona, United StatesPhoenix Suns
68.8%
Brand of raisins whose mascot is a woman in a red sunbonnetSun-Maid
67.5%
College post-season game first played on January 1, 1935Sun Bowl
63.8%
Butch Cassidy's partner, played by Robert Redford in their eponymous filmThe Sundance Kid
63.8%
FX sitcom featuring the staff of a Pennsylvanian pubIt's Always Sunny in Philadelphia
61.3%
Multigrain snack marketed by Frito-LaySun Chips
61.3%
1926 Ernest Heminway novel set in ParisThe Sun Also Rises
55%
1969 track from the Beatles' Abbey RoadHere Comes the Sun / Sun King
53.8%
Chart-topping 1994 single by SoundgardenBlack Hole Sun
51.3%
Cocktail featuring orange juice and grenadine (alternatively, crème de cassis, lime juice and soda water)Tequila Sunrise
50%
Orange-flavored drink marketed as a healthy alternative to sodaSunny D
50%
Folk song set in the southern United States, famously recorded by The Animals in 1964The House of the Rising Sun
48.8%
Two series of still-life paintings by Vincent van GoghSunflowers
48.8%
Hint Term % Correct
Gasoline distribution company based in Philadelphia, Pensylvania, United StatesSunoco
47.5%
Developer of Solaris, Java, and MySQL technologiesSun Microsystems
46.3%
Pontiac compact model produced from 1995-2005Sunfire
45%
Play depicting the life of a black family in Chicago in the 1950sA Raisin in the Sun
42.5%
Ancient Chinese military general, strategist, and author of The Art of WarSun Tzu
40%
Street in Los Angeles County, California, United States which passes through the communities of Hollywood and Beverly HillsSunset Boulevard
35%
2001 single by WeezerIsland in the Sun
27.5%
Nickname for the state of Kansas, United StatesSunflower State
27.5%
Helarctos malayanus, a carnivore native to the rainforests of Southeast Asiasun bear
26.3%
Exonym for Japan; a semi-literal translation of the country's native nameLand of the Rising Sun
26.3%
NBC sitcom about a group of extraterrestrials visiting Earth3rd Rock from the Sun
22.5%
Refers to various regions north of the Arctic CircleLand of the Midnight Sun
15%
Atmospheric phenonmenon that creates spots of light in the sky, often appearing as rings on either side of the sunsun dog
13.8%
1987 Steven Spielberg-directed film starring Christian BaleEmpire of the Sun
12.5%
1973 Grammy-winning single by Stevie WonderYou Are the Sunshine of My Life
12.5%
1872 painting by Claude Monet after which the Impressionist movement is namedImpression, Sunrise
7.5%

You're not logged in!

Compare scores with friends on all Sporcle quizzes.
Sign Up with Email
OR
Log In

You Might Also Like...

Show Comments

Extras

Top Quizzes Today


Score Distribution

Your Account Isn't Verified!

In order to create a playlist on Sporcle, you need to verify the email address you used during registration. Go to your Sporcle Settings to finish the process.